Southville International School and Colleges
Your cart is empty.
  • Cart
  • Lists
    Public lists Eva Luna New books Lux_list list_1
    Your lists Log in to create your own lists
  • Log in to your account
  • Your cookies
  • Search history
Southville International School and Colleges
  • Advanced search
  • Recent comments
  • Most popular
  • Libraries

Log in to your account

Log in with GOOGLE


If you do not have an external account, but do have a local account, you can still log in:

  1. Home
  2. MARC view: Cross :
Normal view MARC view ISBD view

Cross : (Record no. 8521)

[ view plain ]
MARC details
000 -LEADER
fixed length control field 00621nam a22002657a 4500
003 - CONTROL NUMBER IDENTIFIER
control field OSt
005 - DATE AND TIME OF LATEST TRANSACTION
control field 20140310182028.0
008 - FIXED-LENGTH DATA ELEMENTS--GENERAL INFORMATION
fixed length control field 130814t xxu||||| |||| 00| 0 eng d
050 ## - LIBRARY OF CONGRESS CALL NUMBER
Classification number BL 150
Item number .An553 1997
082 ## - DEWEY DECIMAL CLASSIFICATION NUMBER
Classification number HS 200
Item number An2 1997
245 ## - TITLE STATEMENT
Title Cross :
Remainder of title icon of sharing /
Statement of responsibility, etc Moises Bernardino Andrade
260 ## - PUBLICATION, DISTRIBUTION, ETC. (IMPRINT)
Place of publication, distribution, etc Malolos] :
Name of publisher, distributor, etc [s.n],
Date of publication, distribution, etc c1997.
300 ## - PHYSICAL DESCRIPTION
Extent 45p. :
Dimensions 16 cm.
650 ## - SUBJECT ADDED ENTRY--TOPICAL TERM
Topical term or geographic name as entry element Religion
9 (RLIN) 7084
942 ## - ADDED ENTRY ELEMENTS (KOHA)
Source of classification or shelving scheme Library of Congress Classification
Koha item type
Holdings
Withdrawn status Lost status Source of classification or shelving scheme Damaged status Home library Current library Shelving location Date acquired Total Checkouts Full call number Barcode Date last seen Copy number Price effective from Koha item type
    Library of Congress Classification   Luxembourg Library Luxembourg Library High School Section 08/14/2013   BL 150 .An553 1997 14919 08/14/2013 1 08/14/2013 Books
    Library of Congress Classification   Luxembourg Library Luxembourg Library High School Section 08/14/2013   BL 150 .An553 1997 14918 08/14/2013 2 08/14/2013 Books
    Library of Congress Classification   Luxembourg Library Luxembourg Library High School Section 08/14/2013   BL 150 .An553 1997 14917 08/14/2013 3 08/14/2013 Books
    Library of Congress Classification   Luxembourg Library Luxembourg Library High School Section 08/14/2013   BL 150 .An553 1997 14916 08/14/2013 4 08/14/2013 Books
    Library of Congress Classification   Luxembourg Library Luxembourg Library High School Section 08/14/2013   BL 150 .An553 1997 14915 08/14/2013 5 08/14/2013 Books
    Library of Congress Classification   Luxembourg Library Luxembourg Library High School Section 08/14/2013   BL 150 .An553 1997 14914 08/14/2013 6 08/14/2013 Books
    Library of Congress Classification   Luxembourg Library Luxembourg Library High School Section 08/14/2013   BL 150 .An553 1997 14913 08/14/2013 7 08/14/2013 Books
    Library of Congress Classification   Luxembourg Library Luxembourg Library High School Section 08/14/2013   BL 150 .An553 1997 14912 08/14/2013 8 08/14/2013 Books
    Library of Congress Classification   Luxembourg Library Luxembourg Library High School Section 08/14/2013   BL 150 .An553 1997 14911 08/14/2013 9 08/14/2013 Books

Cross :

APA

(1997). Cross. Malolos]: [s.n].

Chicago

1997. Cross. Malolos]: [s.n].

Harvard

(1997). Cross. Malolos]: [s.n].

MLA

Cross. Malolos]: [s.n]. 1997.

  • Place hold
  • Print
  • Cite
  • Add to your cart (remove)
  • Save record
    BIBTEX Dublin Core MARCXML MARC (non-Unicode/MARC-8) MARC (Unicode/UTF-8) MARC (Unicode/UTF-8, Standard) MODS (XML) RIS
  • More searches
    Search for this title in:
    Other Libraries (WorldCat) Other Databases (Google Scholar) Online Stores (Bookfinder.com) Open Library (openlibrary.org)

Exporting to Dublin Core...

SOUTHVILLE LIBRARY

Southville International School and Colleges Library

1281 Tropical Ave. Cor. Luxembourg St., BF Homes International, Las Pinas City

Tel. No. 8256374 / 252358 Loc. 117/146

Powered by Koha